• 首页
  • 本馆介绍
  • 公告通知
  • 最新文献
  • 馆藏检索
  • 电子资源
  • 读者导购
  • 参考咨询
  • 我的图书馆
  • 登录
  • 详细信息显示
  • 放入我的书架
  • 预约/预借图书
  • 作者相关作品
  • 分类相关作品
  • 丛书相关作品
  • 出版社相关作品

书目信息

  • 表格格式
  • 工作单格式
  • 卡片格式
题名:
中国传统文化与舞蹈
    
 
作者: 金秋 著
分册:  
出版信息: 北京   中国社会科学出版社  2006
页数: 351页
开本: 24cm
丛书名:
单 册:
中图分类: J709.2
科图分类:
主题词: 乐舞--舞蹈史--中国--古代 , 乐舞 , 舞蹈史
电子资源:
ISBN: 7-5004-5781-2
000 00822nam0 2200253 450
001 003292863
005 20140707104920.85
010    @a7-5004-5781-2@dCNY39.00
100    @a20060104d2006 em y0chiy0110 ea
101 0  @achi
102    @aCN@b110000
105    @aa z 000yy
106    @ar
200 1  @a中国传统文化与舞蹈@9zhong guo chuan tong wen hua yu wu dao@f金秋著
210    @a北京@c中国社会科学出版社@d2006
215    @a351页@c图@d24cm
330    @a本书介绍了先秦时期的乐舞,秦、汉时期的乐舞,魏晋、南北朝时期的乐舞,隋、唐、五代时期的乐舞,宋、辽、西夏、金、元时期的乐舞,以及明清时期的乐舞。
606 0  @a乐舞@x舞蹈史@y中国@z古代
606 0  @a乐舞
606 0  @a舞蹈史
690    @aJ709.2@v4
701  0 @a金秋@9jin qiu@c(女,舞蹈)@4著
801  0 @aCN@bNLC@c20070116
905    @b847450-52@dJ709.2@e131@f3
    
    中国传统文化与舞蹈/金秋著.-北京:中国社会科学出版社,2006
    351页:图;24cm
    
    
    ISBN 7-5004-5781-2:CNY39.00
    本书介绍了先秦时期的乐舞,秦、汉时期的乐舞,魏晋、南北朝时期的乐舞,隋、唐、五代时期的乐舞,宋、辽、西夏、金、元时期的乐舞,以及明清时期的乐舞。
●
相关链接 在E读中查询图书 在五车中查询图书 在当当中查询图书 在豆瓣中查询图书


正题名:中国传统文化与舞蹈     索取号:J709.2/131         预约/预借

序号 登录号 条形码 馆藏地/架位号 状态 备注
1 847450   208474505   第一样本阅览室/ [索取号:J709.2/131] 在馆    
2 847451   208474514   第一借阅区/ [索取号:J709.2/131] 在馆    
3 847452   208474523   密集书库-音乐系/ [索取号:J709.2/131] 在馆    
唐山师范学院图书馆 欢迎您!
大连网信软件有限公司© 版权所有